Datum a čas kvízu
21
Celkem bodů
Celkový počet nahraných bodů na tomto kvízu bez doplňovacích otázek.
15.
Pořadí na kvízu
Konečné umístění týmu na tomto kvízu.
Zaznamenané odpovědi
| # | Otázka | Odpověď | Body | Výsledky |
|---|---|---|---|---|
| 1. | Jak se jmenuje funkcionář, jem... | Josef Středula | 0 | |
| 2. | Maďarsko podepsalo s jednou ze... | Číny | 0 | |
| 3. | Dnes odstartovala v blanenské... | modrotisku | 0 | |
| 4. | Ve středu vstoupila na český t... | Partners | 1 | |
| 5. | Tři mužstva vyhrála v předkole... | Litvínov, České Budějovice, Hradec Králové | 1 | |
| 6. | Začneme prvním českým králem p... | Přemysl Otakar II., 1278 | 0 | |
| 7. | Další „slavnou“ prohrou, která... | ve Francii | 0 | |
| 8. | V bitvě u Lipan, kterou řadí m... | Jan Roháč (z Dubé) | 0 | |
| 9. | Bitva na Bílé hoře v roce 1620... | D) 2 hodiny | 1 | |
| 10. | Mnichovská dohoda je typickým... | appeasement | 0 |